[Event "1st 4NCL Spring Bank Holiday Congress"]
[Site "Basingstoke"]
[Date "2018.05.28"]
[Round "6"]
[Board "5"]
[White "Tart, Peter K"]
[Black "Royal, Shreyas"]
[Result "1/2-1/2"]
[WhiteElo "1939"]
[BlackElo "1812"]
[PlyCount "62"]
[EventDate "2018.05.25"]
[EventRounds "7"]
[EventCountry "ENG"]

1. e4 c5 2. Nc3 Nc6 3. Bb5 Nd4 4. Bc4 g6 5. Nf3 Bg7 6. Nxd4 cxd4 7. Qf3 e6 8.
Nb5 Be5 9. c3 dxc3 10. d4 a6 11. dxe5 axb5 12. Bb3 b4 13. bxc3 bxc3 {(=)} 14.
Qxc3 Qa5 15. Bd2 Qxc3 16. Bxc3 Ne7 17. Bb4 Nc6 18. Bd6 g5 19. O-O Ra5 20. Rac1
b6 21. Bc7 Ba6 22. Rfd1 Nxe5 23. Bxb6 Rb5 24. Bc5 f6 25. Bd6 Nf7 26. Bc4 Rb6
27. Bc5 Rc6 28. Bb3 Ne5 29. Ba4 Rc7 30. Rd6 Nd3 31. Rxa6 Kf7 1/2-1/2

[Event "1st 4NCL Spring Bank Holiday Congress"]
[Site "Basingstoke"]
[Date "2018.05.28"]
[Round "6"]
[Board "6"]
[White "Stevenson, James AB"]
[Black "Somton, Anita"]
[Result "1/2-1/2"]
[WhiteElo "2049"]
[BlackElo "1803"]
[PlyCount "40"]
[EventDate "2018.05.25"]
[EventRounds "7"]
[EventCountry "ENG"]

1. Nf3 Nf6 2. c4 d6 3. Nc3 c6 4. d4 Nbd7 5. e4 e5 6. Be2 Be7 7. O-O O-O 8. h3
a6 9. d5 cxd5 10. cxd5 b5 11. a3 Nc5 12. Nd2 Re8 13. b4 Ncd7 14. Nb3 Nb6 15.
Na5 Bd7 16. Be3 Rc8 17. Rc1 Nc4 18. Bxc4 bxc4 19. Qe2 Qc7 20. f4 exf4 1/2-1/2

[Event "1st 4NCL Spring Bank Holiday Congress"]
[Site "Basingstoke"]
[Date "2018.05.28"]
[Round "6"]
[Board "7"]
[White "Rizvi, Nasir"]
[Black "Cooper, Malcolm H"]
[Result "1-0"]
[WhiteElo "2045"]
[BlackElo "1840"]
[PlyCount "71"]
[EventDate "2018.05.25"]
[EventRounds "7"]
[EventCountry "ENG"]

1. c4 Nf6 2. g3 g6 3. Bg2 Bg7 4. Nf3 O-O 5. O-O d5 6. cxd5 Qxd5 7. Nc3 Qa5 8.
b4 Qxb4 9. Rb1 Qd6 10. Qb3 c6 11. Ba3 Qc7 12. Rfc1 a6 13. d4 b5 14. Ne5 Be6 15.
Qb4 Re8 16. Qc5 Nbd7 17. Qxc6 Ra7 18. Nxb5 Qxc6 19. Nxc6 axb5 20. Nxa7 Bxa2 21.
Rxb5 e6 22. Rb7 Bd5 23. Bxd5 exd5 24. e3 Bf8 25. Bxf8 Kxf8 26. Rcc7 Ke7 27. g4
g5 28. Rc8 Rxc8 29. Nxc8+ Kd8 30. Nb6 Ke7 31. Nxd7 Nxd7 32. Kg2 Ke6 33. Ra7 Ke7
34. Kg3 h6 35. h4 Ke6 36. Ra6+ 1-0

[Event "1st 4NCL Spring Bank Holiday Congress"]
[Site "Basingstoke"]
[Date "2018.05.28"]
[Round "6"]
[Board "8"]
[White "Faulkner, Martin J"]
[Black "Slinger, AJ (Tony)"]
[Result "1-0"]
[WhiteElo "1798"]
[BlackElo "1875"]
[PlyCount "95"]
[EventDate "2018.05.25"]
[EventRounds "7"]
[EventCountry "ENG"]

1. c4 Nf6 2. Nc3 g6 3. e4 d6 4. d4 Bg7 5. h3 O-O 6. Bg5 Na6 7. Bd3 c5 8. d5 Nc7
9. Nge2 Rb8 10. O-O Bd7 11. Qd2 b5 12. Ng3 bxc4 13. Bxc4 Nb5 14. Nce2 Qb6 15.
Bh6 Nd4 16. Nxd4 cxd4 17. Bxg7 Kxg7 18. b3 e5 19. Kh1 Ng8 20. f4 f6 21. a4 Ne7
22. fxe5 dxe5 23. Rf3 Nc8 24. Raf1 Qb4 25. Qe2 Qe7 26. Rc1 Nd6 27. Ba6 Bc8 28.
Rc6 Bb7 29. Bxb7 Rxb7 30. Qa6 Rd8 31. Qd3 Rc8 32. Rf1 Rxc6 33. dxc6 Rc7 34. Rc1
h5 35. Nf1 f5 36. exf5 Nxf5 37. Qe4 Qe6 38. Rc5 Kf6 39. Kh2 Ne7 40. Nd2 Rxc6
41. Qh4+ Kg7 42. Rb5 Rc7 43. Nc4 Nc6 44. Rc5 Re7 45. Rxc6 Qf7 46. Rd6 e4 47.
Rxd4 e3 48. Re4 1-0

[Event "1st 4NCL Spring Bank Holiday Congress"]
[Site "Basingstoke"]
[Date "2018.05.28"]
[Round "6"]
[Board "9"]
[White "Aubury, Ben"]
[Black "Orsagova, Erika"]
[Result "1/2-1/2"]
[WhiteElo "1516"]
[BlackElo "2040"]
[PlyCount "38"]
[EventDate "2018.05.25"]
[EventRounds "7"]
[EventCountry "ENG"]

1. e4 c5 2. Nc3 e6 3. Nge2 a6 4. g3 Nc6 5. Bg2 d6 6. O-O Nf6 7. f4 Be7 8. d3
O-O 9. h3 Rb8 10. g4 Ne8 11. Ng3 Bh4 12. Nce2 f5 13. Be3 Qe7 14. Bf2 Nc7 15.
Nh5 Bxf2+ 16. Rxf2 Qh4 17. Bf3 g6 18. Nhg3 Nd4 19. g5 Nxe2+ 1/2-1/2

[Event "1st 4NCL Spring Bank Holiday Congress"]
[Site "Basingstoke"]
[Date "2018.05.28"]
[Round "6"]
[Board "10"]
[White "Davidson, Laura J"]
[Black "Shepley, Julien M"]
[Result "0-1"]
[WhiteElo "1632"]
[BlackElo "1986"]
[PlyCount "87"]
[EventDate "2018.05.25"]
[EventRounds "7"]
[EventCountry "ENG"]

1. d4 Nf6 2. Nf3 d5 3. Bg5 Nbd7 4. e3 h6 5. Bxf6 Nxf6 6. Bd3 e6 7. Nbd2 c5 8.
c3 Qb6 9. Rb1 Bd7 10. O-O cxd4 11. exd4 Rc8 12. Ne5 Bb5 13. Bxb5+ Qxb5 14. Re1
Bd6 15. Qe2 Qxe2 16. Rxe2 b5 17. Nd3 a5 18. a3 O-O 19. Nf3 Rc7 20. Ree1 Rfc8
21. Rec1 Ne4 22. Kf1 g5 23. h3 h5 24. Ke2 f6 25. Nd2 Nxd2 26. Kxd2 Bf4+ 27.
Nxf4 gxf4 28. Re1 Kf7 29. Rbd1 Rg8 30. Rg1 e5 31. dxe5 fxe5 32. Ke2 Ke6 33. Rd2
b4 34. axb4 axb4 35. cxb4 Rb7 36. Rgd1 d4 37. Kf1 Rxb4 38. Re1 Kf5 39. Rde2 Re8
40. f3 d3 41. Rd2 Rd8 42. Kf2 Rb3 43. Kf1 Re8 (43... Rc8 44. Red1 Rc2 45. g4+
fxg3 46. Rxc2 dxc2 47. Rc1 Rxb2 48. Kg2 h4 49. f4 e4) 44. Red1 0-1

[Event "1st 4NCL Spring Bank Holiday Congress"]
[Site "Basingstoke"]
[Date "2018.05.28"]
[Round "6"]
[Board "11"]
[White "Bennett, Dominic L"]
[Black "De Coverly, Roger D"]
[Result "1/2-1/2"]
[WhiteElo "1951"]
[BlackElo "1943"]
[PlyCount "58"]
[EventDate "2018.05.25"]
[EventRounds "7"]
[EventCountry "ENG"]

1. d4 Nf6 2. c4 g6 3. Nc3 Bg7 4. e4 d6 5. f3 O-O 6. Bg5 c5 7. d5 e6 8. Qd2 exd5
9. cxd5 a6 10. a4 h6 11. Be3 h5 12. Bh6 Nh7 13. Bxg7 Kxg7 14. f4 Qh4+ 15. g3
Qe7 16. O-O-O b5 17. axb5 axb5 18. Bxb5 Na6 19. Bxa6 Rxa6 20. Nf3 Qa7 21. Kc2
Bd7 22. h3 Rb8 23. Rb1 Rab6 24. Kc1 Bb5 25. f5 Qa6 26. fxg6 fxg6 27. Rd1 Ba4
28. Rh1 Bb5 29. Rd1 Ba4 1/2-1/2

[Event "1st 4NCL Spring Bank Holiday Congress"]
[Site "Basingstoke"]
[Date "2018.05.28"]
[Round "6"]
[Board "13"]
[White "Gardiner, Eric D"]
[Black "Di-Vetta, Andrew"]
[Result "1/2-1/2"]
[WhiteElo "1982"]
[BlackElo "1684"]
[PlyCount "90"]
[EventDate "2018.05.25"]
[EventRounds "7"]
[EventCountry "ENG"]

1. d4 Nf6 2. Bg5 d5 3. Bxf6 exf6 4. e3 Nd7 5. g3 f5 6. Nd2 Nf6 7. Bg2 c6 8. Ne2
Qb6 9. b3 Ne4 10. O-O Be6 11. Nf4 Nc3 12. Qe1 Ba3 13. Nxe6 fxe6 14. Nc4 dxc4
15. Qxc3 cxb3 16. axb3 Be7 17. Qc4 Kf7 18. e4 fxe4 19. Bh3 c5 20. d5 Qb4 21.
dxe6+ Kg6 22. Qd5 Rhf8 23. Ra4 Rad8 24. Qxd8 Rxd8 25. Rxb4 cxb4 26. Re1 Rd4 27.
Bg2 Kf5 28. h4 b6 29. Kf1 h6 30. Bh3+ Kf6 31. Ke2 Bc5 32. Rf1 h5 33. Rg1 g5 34.
hxg5+ Kxg5 35. Rh1 a5 36. Bg2 Rd6 37. Bxe4 Rxe6 38. f3 Rd6 39. Rh4 Rf6 40. f4+
Kh6 41. Kf3 Be7 42. Rh1 Bd6 43. Rd1 Kg7 44. Rh1 Kh6 45. Rd1 Kg7 1/2-1/2